| 000 | 00690nam a22002057a 4500 | ||
|---|---|---|---|
| 003 | 0 | ||
| 005 | 20250429113427.0 | ||
| 008 | 250429b xxu||||| |||| 00| 0 eng d | ||
| 020 | _a978-971-9655-80-0 | ||
| 050 |
_aTS 155 _b.P47 2024 |
||
| 100 | _aPerida, Arcadio Jeffrey S. | ||
| 245 |
_aFoundations of operations management: _ba practical guide for higher learning _cArcadio Jeffrey S. Perida |
||
| 260 |
_aMindshapers Co. Inc. _bManila _cc2024 |
||
| 300 |
_avi, 196 pages ; _c26cm. |
||
| 504 | _aIncludes bibliographical references. | ||
| 650 | _aProduction management. | ||
| 650 | _aOperations management. | ||
| 650 | _aManufacturing processes—Management. | ||
| 942 |
_2lcc _cBK |
||
| 999 |
_c367427 _d367427 |
||